Lithuanian Cities - Statistics

General Stats
  • This quiz has been taken 19 times
  • The average score is 21 of 103
Answer Stats
Hint Answer % Correct
V Vilnius
100%
K Kaunas
89%
K Klaipeda
84%
P Panevezys
63%
S Siauliai
63%
A Alytus
58%
M Marijampole
58%
U Utena
53%
T Taurage
47%
J Jonava
42%
J Jurbarkas
42%
P Plunge
42%
T Telsiai
42%
U Ukmerge
42%
K Kretinga
37%
M Mazeikiai
37%
R Rokiskis
37%
V Vilkaviskis
37%
V Visaginas
37%
B Birzai
32%
D Druskininkai
32%
K Kedainiai
32%
P Palanga
32%
P Pasvalys
32%
R Raseiniai
32%
T Trakai
32%
V Varena
32%
B Birstonas
26%
G Gargzdai
26%
K Kelme
26%
P Pakruojis
26%
R Radviliskis
26%
S Skuodas
26%
Z Zarasai
26%
A Anyksciai
21%
E Elektrenai
21%
K Kaisiadorys
21%
K Kalvarija
21%
K Kazlu Ruda
21%
L Lazdijai
21%
N Nemencine
21%
P Prienai
21%
S Sakiai
21%
S Svencioneliai
21%
S Svencionys
21%
G Garliava
16%
I Ignalina
16%
J Jieznas
16%
J Joniskis
16%
K Kupiskis
16%
L Lentvaris
16%
M Moletai
16%
P Pagegiai
16%
S Seduva
16%
S Silale
16%
S Silute
16%
S Sirvintos
16%
V Vievis
16%
A Akmene
11%
D Daugai
11%
E Eisiskes
11%
K Kudirkos Naumiestis
11%
K Kursenai
11%
K Kybartai
11%
N Naujoji Akmene
11%
N Neringa
11%
O Obeliai
11%
P Pabrade
11%
R Rietavas
11%
R Rudiskes
11%
S Salcininkai
11%
A Ariogala
5%
B Baltoji Voke
5%
D Dusetos
5%
E Ezerelis
5%
G Grigiskes
5%
K Kavarskas
5%
P Panemune
5%
R Ramygala
5%
S Salantai
5%
S Seda
5%
S Simnas
5%
S Skaudvile
5%
T Tytuvenai
5%
V Vabalninkas
5%
V Veisiejai
5%
V Venta
5%
V Vilkija
5%
Z Zagare
5%
Z Ziezmariai
5%
D Dukstas
0%
G Gelgaudiskis
0%
J Joniskelis
0%
L Linkuva
0%
P Pandelys
0%
P Priekule
0%
S Smalininkai
0%
S Subacius
0%
T Troskunai
0%
U Uzventis
0%
V Varniai
0%
V Vieksniai
0%
V Virbalis
0%
No matching quizzes found
Score Distribution
Percent of People with Each Score
Percentile by Number Answered
Your Score History
You have not taken this quiz